000 00544cam a2200193 4500
001 D14404
008 970304 1923 1
035 _a(Sirsi) u94734
041 0 _aeng
050 0 4 _a333.332 $2 18
100 1 _aWebb, Clarence A
245 0 4 _aThe law and practice of rating and assessment
250 _a2nd ed.
260 _aLondon
_bCrosby Lockwood and Son
_c1923
651 4 _aEngland and Wales
_y1543-
690 _aPROPERTY-PROPERTY APPRAISAL AND VALUATION-TAXATION VALUATION
942 _n0
948 _c04/03/1997
999 _c98156
_d98156